00610nam a22002057a 450000500170000001000130001702000100003003500130004003700160005304000120006908200130008110000200009424500780011426000280019227000600022030000210028050000200030165000350032165000480035620170124110102.0 aB-063218 c00.00 aB-063218 bCen Lib/Ret aDPLbEN a921bKHU aKhushwant Singh aTruth, love and a little malice :cby Khushwant Singhban autobiography / aNew DelhibVikingc2002 bNew Delhia11 Community Centre, Panchsheel Parke110017 a423p. c20cm(Hb) aIncludes index  a Khushwant Singh, -- 1915-2014 aAuthors, Indic -- 20th century -- Biography